Statystyki dla Flagi świata w 1938 roku

Kliknij tutaj aby rozwiązać quiz!

Ogólne statystyki

  • Ten quiz został rozwiązany 207 razy
  • Średni wynik to 53 z 75

Statystyki odpowiedzi

Odpowiedź% Poprawnych
Albania
94%
Afganistan
89%
Argentyna
89%
Belgia
88%
Brazylia
88%
Australia
87%
Bułgaria
86%
Chile
85%
Dania
84%
Estonia
84%
Francja
82%
Irlandia
81%
Islandia
81%
Japonia
81%
Polska
81%
Portugalia
81%
Finlandia
80%
Ekwador
79%
Łotwa
79%
Luksemburg
79%
Meksyk
79%
Monako
79%
Norwegia
79%
Rumunia
79%
Szwecja
79%
Turcja
79%
Włochy
79%
Kolumbia
78%
Austria
77%
Hiszpania
77%
Holandia
77%
Kuba
77%
Litwa
77%
San Marino
77%
Stany Zjednoczone
77%
Szwajcaria
77%
Watykan
77%
Wielka Brytania
77%
Liechtenstein
75%
Nowa Zelandia
75%
Panama
75%
Peru
75%
Dominikana
74%
Kostaryka
74%
Syjam
74%
Urugwaj
74%
Arabia Saudyjska
73%
Haiti
73%
Wenezuela
73%
Boliwia
71%
Czechosłowacja
71%
Liberia
71%
Węgry
71%
Chiny
69%
Paragwaj
69%
Honduras
66%
Gwatemala
64%
Mongolia
63%
Salwador
62%
Związek Radziecki
61%
Grecja
60%
Jugosławia
58%
Nikaragua
58%
Iran
56%
Gdańsk
51%
Nepal
51%
Kanada
48%
Tybet
47%
Andora
41%
Irak
41%
Egipt
35%
Południowa Afryka
33%
Jemen
31%
Tuwa
21%
Hatay
9%

Rozkład punktacji

Percentyl według liczby udzielonych odpowiedzi

Procent ludzi z każdym wynikiem

Twoja historia wyników

Nie rozwiązałeś tego quizu